Statistics for Largest cities in Alaska

Click here to take the quiz!

General Stats

  • This quiz has been taken 23 times
  • The average score is 5 of 10

Answer Stats

PopulationAnswer% Correct
32,198Juneau
100%
297,952Anchorage
95%
33,347Fairbanks
89%
6,145Kodiak
53%
10,690Wasilla
47%
8,802Sitka
42%
7,498Palmer
26%
7,955Kenai
21%
6,410Bethel
16%
8,272Ketchitkan
0%

Score Distribution

Percentile by Number Answered

Percent of People with Each Score

Your Score History

You have not taken this quiz